000 00537nam a2200181 a 4500
001 000024078
005 20200930022711.0
008 110118s1980 ve ac r 000 0 spa d
040 _aDO-SdBNP
_bspa
_cBNPHU
082 _annnn
_bB516t
100 1 _aBermúdez, Luis Julio,
_946664
245 1 0 _aTeofilo leal y su escenario americano / :
_bLuis Julio Bermúdez.
260 _aVenezuela :
_bCONAC-FUNDARTE,
_c1980.
300 _a73, [3] p. :
_bil., retrs. ;
_c18 cm.
490 1 _aRaices
_v1
830 0 _aRaices ;
_v1
_949468
049 _aBNGR
999 _c23573
_d23573